000 00443nam a2200157 i 4500
001 29477
003 ES-MaACL
005 20230906154036.0
007 t|
008 030122s1968 sp ||||1| spa d
100 1 _aBarceló, José Luis.
_925505
245 1 0 _aAnimales desconocidos sobre la tierra /
_cJ.L. Barceló.
260 _aBarcelona :
_bTelstar,
_c[1968]
300 _a206 p. :
_bil. ;
_c18 cm.
852 _aES-MaACL
_jC-34490
_bR.65362
999 _c29477
_d29477